000 01559nam a2200457 i 4500
001 5675
003 KOSZ 005
005 20220126102002.0
008 030523s1992 pl a f |000 0 pol
015 _aPB 2003/10092
035 _a991020241629705066
035 _a(PL-WaBN)b15488901-48omnis_nlop
035 _ab15488901
035 _a(OCoLC)831057489
035 _a(PL)b0000001548890
035 _a(EXLNZ-48OMNIS_NETWORK)9910320316405606
040 _aWA N
_cWA N
_dKOSZ 005/EG
041 0 _apol
080 _a658.14/.17
080 _a657
080 _a(07)
245 1 0 _aZasady rachunkowości jednostek gospodarczych (obowiązujące od 1 stycznia 1992 r.) :
_bpraca zbiorowa /
_cpod red. Kazimierza Sawickiego ; [aut. Anna Buczkowska et al.].
260 _aWarszawa :
_b"Firma",
_c1992.
300 _a210 s. :
_bil. ;
_c21 cm.
336 _2rdacontent
_aTekst
_btxt
337 _2rdamedia
_aBez urządzenia pośredniczącego
_bn
338 _2rdacarrier
_aWolumin
_bnc
380 _aKsiążki
380 _aPublikacje fachowe
388 _a1901-2000
388 _a1989-2000
650 7 _aFinanse przedsiębiorstwa
_2DBN
650 7 _aRachunkowość
_2DBN
655 7 _aPodręczniki
_2DBN
658 _aGospodarka, ekonomia, finanse
700 1 _aBuczkowska, Anna
_c(rachunkowość)
_eAutor
700 1 _aSawicki, Kazimierz
_d(1926-2021)
_eRedakcja
856 _uhttp://koha.tu.koszalin.pl/cgi-bin/koha/opac-detail.pl?biblionumber=5675
_yKatalog online BPK
942 _2UKD
_cKS
999 _c5675
_d5675